000 00507nam a2200169Ia 4500
008 230718s9999 xx 000 0 und d
020 _a9781316617991
041 _aeng
082 _a620.001535
_bBAS
100 _aBaskharone E.A.
245 _aFinite Element Method With Heat Transfer And Fluid Mechanics Applications
260 _c2014
_bCambridge University Press
300 _a373
365 _cRs.
_b850.00
700 _aBaskharone E.A.
906 _dO:0513227-Jun-2016B:174821-Jun-2016
_cMECH
_b1989
999 _c342254
_d342254